Top Gear US Challenge Vehicles Season 2 Quiz Stats

 Plays Quiz not verified by Sporcle

Score 0/39 Timer 04:00
0 Plays Today
% Correct
1985 Honda CRX
47.8%
Nissan 200SX as the DeLorean time machine
47.8%
1973 Plymouth Duster as The General Lee
47.8%
Chevrolet Corvair
47.8%
Mazda Miata
43.5%
BMW 325e
43.5%
1995 Pontiac Trans Am as KITT
43.5%
Dodge Challenger SRT8
43.5%
Ford Aerostar
43.5%
Lamborghini Murcielago
43.5%
1981 VW Rabbit pickup diesel
39.1%
Rolls-Royce Silver Shadow
39.1%
Chevrolet Camaro SS
39.1%
Ford Maverick
34.8%
1987 Dodge Aries K
34.8%
Dodge Ram 3500 Heavy Duty
34.8%
1983 Jeep CJ7 Renegade
34.8%
Ferrari 308 GTBi replica
34.8%
Ford Festiva
34.8%
1989 Mercedes 190E
34.8%
% Correct
1994 Crown Victoria
34.8%
Suzuki Samurai
34.8%
Chevy Astro
34.8%
Ford F450 Super Duty
30.4%
Chevrolet Silverado 3500HD
30.4%
1989 Chevrolet K5 Blazer
30.4%
1994 Ford Bronco XLT
30.4%
Jaguar XJ-S
30.4%
Ford Mustang GT
30.4%
Ford Pinto
30.4%
Bentley Continental GTC
30.4%
1987 Chevrolet Corvette
30.4%
1969 Lincoln Continental Mark III
30.4%
2x 1981 VW Rabbit pickup diesel
30.4%
2001 Pontiac Aztek
30.4%
1988 Yugo GV
30.4%
Chrysler Town & Country
26.1%
Porsche Turbo S Cabriolet
26.1%
1977 Mustang II
21.7%

You're not logged in!

Compare scores with friends on all Sporcle quizzes.
OR
Log In

You Might Also Like...

Show Comments

Extras

Created Oct 19, 2012ReportNominate
Tags:Automobiles Quiz, car, Top Gear

Top Quizzes Today


Score Distribution

Your Account Isn't Verified!

In order to create a playlist on Sporcle, you need to verify the email address you used during registration. Go to your Sporcle Settings to finish the process.

Report this User

Report this user for behavior that violates our Community Guidelines.

Details: